000 00599nam a22001697a 4500
003 OSt
005 20241214105918.0
008 241022b |||||||| |||| 00| 0 eng d
040 _c0
082 _aDPer050 M72 January-March 2018 v. 66 no. 8-10
100 _aCabddu, Rubielyn B.
_eauthor.
_963345
245 _aBanghay aralin :
_bedukasyon ng pagpapakatao 3 /
_cRubielyn B. Cabddu.
260 _aPhilippines;
_bPublishers Association of the Philippines, Inc.,
_cAugust 2018.
300 _aVolume 66, pages 119 ,
_billustration.
700 _aCabddu, Rubielyn B.
_eauthor.
_963345
942 _2ddc
_cPER
999 _c22820
_d22820